[Event "VIE-ch U11"]
[Site "Ho Chi Minh City"]
[Date "2014.07.14"]
[Round "3"]
[White "Do, Hoang Quoc Bao"]
[Black "Diep, Tuong Nghiem"]
[Result "1-0"]
[WhiteElo "1991"]
[BlackElo "1944"]
[PlyCount "71"]
[EventDate "2014.07.13"]
[EventType "swiss"]
[EventRounds "9"]
[EventCountry "VIE"]
[SourceTitle "EXT 2016"]
[Source "ChessBase"]
[SourceDate "2015.10.08"]
[SourceVersion "1"]
[SourceVersionDate "2015.10.08"]
[SourceQuality "1"]

1. e4 c5 2. Nf3 d6 3. d4 cxd4 4. Nxd4 Nf6 5. Nc3 a6 6. f3 Bd7 7. Be3 Nc6 8. Qd2 e6 9. 0-0-0 Be7 10. g4 0-0 11. h4 e5 12. Nf5 Bxf5 13. gxf5 Rc8 14. Bg5 Nd4 15. Qg2 Kh8 16. Rg1 b5 17. Bh6 g6 18. Bxf8 Qxf8 19. fxg6 fxg6 20. Bd3 Nh5 21. Qg4 Nf4 22. Kb1 Nxd3 23. Rxd3 b4 24. Nd5 Rxc2 25. Rxd4 Rh2 26. Rxb4 Rxh4 27. Qe6 Bg5 28. Rxg5 Rh1+ 29. Kc2 Rh2+ 30. Kb3 Qxf3+ 31. Nc3 Rh3 32. Qg4 Qf4 33. Qxh3 Qxg5 34. Rb8+ Kg7 35. Qd7+ Kf6 36. Nd5# 1-0